000 00642nam a2200205Ia 4500
003 GCL
008 140319s9999 xx 000 0 ara d
040 _aGCL /
_cGCL
082 0 4 _a213
_bع ص
100 1 _aعبدالهادى ابوطالب
245 1 0 _aالصحوة الاسلامية /
_cعبدالهادى ابوطالب
260 _a[S.N] :
_bدار الكتاب اللبنانى ،
_c1986
300 _a280 ص
490 _a
650 0 4 _aالاسلام
650 0 4 _aالاسلام والعلاقات الخارجية
650 0 4 _aالاسلام والاصلاح الاجتماعى
650 0 4 _aدعوة
942 _2ddc
_cBK
999 _c29113
_d29113